ბათუმის შოთა რუსთაველის სახელმწიფო უნივერსიტეტის ბიბლიოთეკა

მეთერთმეტე მზის ნათება (ბიბ.ჩანაწერი № 42722)

000 -LEADER
fixed length control field 00937nam a2200229Ia 4500
001 - CONTROL NUMBER
control field 9428
003 - CONTROL NUMBER IDENTIFIER
control field GE_BSU
008 - FIXED-LENGTH DATA ELEMENTS--GENERAL INFORMATION
fixed length control field 181216s||||||||xx |||||||||||||| ||und||
040 ## - CATALOGING SOURCE
Transcribing agency GE_BSU
080 ## - UNIVERSAL DECIMAL CLASSIFICATION NUMBER
Universal Decimal Classification number 674(479.223)
100 ## - MAIN ENTRY--PERSONAL NAME
Personal name მოდებაძე,ნოდარ
245 ## - TITLE STATEMENT
Title მეთერთმეტე მზის ნათება
245 ## - TITLE STATEMENT
Remainder of title ნარკვევი ბათუმის ხისდამამუშავებელ კომბინატზე
245 ## - TITLE STATEMENT
Statement of responsibility, etc. რედ.ზ.ფირცხალაიშვილი
260 ## - PUBLICATION, DISTRIBUTION, ETC.
Place of publication, distribution, etc. თბილისი
260 ## - PUBLICATION, DISTRIBUTION, ETC.
Name of publisher, distributor, etc. საბჭოთა აჭარა
260 ## - PUBLICATION, DISTRIBUTION, ETC.
Date of publication, distribution, etc. 1984
300 ## - PHYSICAL DESCRIPTION
Extent 39გვ.20სმ.
653 ## - INDEX TERM--UNCONTROLLED
Uncontrolled term მეთერთმეტე მზის ნათება
653 ## - INDEX TERM--UNCONTROLLED
Uncontrolled term ნარკვევი ბათუმის ხისდამამუშავებელ კომბინატზე
942 ## - ADDED ENTRY ELEMENTS (KOHA)
Koha item type წიგნი
ეგზემპლარები
Withdrawn status Lost status Damaged status Not for loan Date acquired Barcode Date last seen Price effective from Koha item type
        2018-12-17 32348 2018-12-17 2018-12-17 წიგნი